[Event "Titled Tue 24th Jun Early"]
[Site "chess.com INT"]
[Date "2025.06.24"]
[Round "7"]
[White "Goncharov, Vladimir"]
[Black "Akshat Sureka"]
[Result "0-1"]
[BlackTitle "FM"]
[WhiteElo "2077"]
[BlackElo "2339"]
[WhiteFideId "34162256"]
[BlackFideId "25774492"]
[EventDate "2025.06.24"]

1. d4 Nf6 2. c4 e6 3. Nf3 Bb4+ 4. Bd2 Qe7 5. g3 O-O 6. Bg2 Nc6 7. O-O Bxd2 8.
Qxd2 a5 9. Nc3 d6 10. Rac1 e5 11. Nd5 Qd8 12. Rfd1 Re8 13. e3 e4 14. Ne1 Nxd5
15. cxd5 Nb4 16. a3 Nxd5 17. Rc2 c6 18. Rdc1 h5 19. b4 axb4 20. axb4 h4 21. Bf1
Bd7 22. Ng2 hxg3 23. hxg3 Re6 24. Nf4 Rh6 25. Bg2 Nxf4 26. exf4 d5 27. b5 cxb5
28. Qb4 Bc6 29. Rc3 Qf6 30. Qb2 Qxd4 31. Qc2 b4 32. Re3 Qf6 33. Qc5 Ra1 34. Ree1
Rxc1 35. Rxc1 b3 36. Qa3 d4 37. Qxb3 d3 38. Qb4 Qe6 39. Qd2 Qd5 40. Qe3 d2 41.
Rd1 Qh5 42. Qxd2 Qh2+ 43. Kf1 Bb5+ 44. Ke1 Qg1+ 0-1

[Event "Titled Tue 24th Jun Early"]
[Site "chess.com INT"]
[Date "2025.06.24"]
[Round "7"]
[White "Izafatava, Kira"]
[Black "Sargissyan, Sargis"]
[Result "0-1"]
[WhiteTitle "WCM"]
[BlackTitle "FM"]
[WhiteElo "2036"]
[BlackElo "2206"]
[WhiteFideId "13521705"]
[BlackFideId "13303210"]
[EventDate "2025.06.24"]

1. e4 c5 2. Nf3 Nc6 3. d4 cxd4 4. Nxd4 e6 5. Nc3 Qc7 6. Be3 a6 7. Nxc6 Qxc6 8.
Be2 b5 9. a3 Bb7 10. O-O Nf6 11. Bf3 e5 12. Qd2 Bc5 13. Bxc5 Qxc5 14. Rad1 O-O
15. Qg5 Rac8 16. Rd2 a5 17. Rfd1 b4 18. axb4 axb4 19. Nd5 Nxd5 20. exd5 d6 21.
Be4 g6 22. Qf6 Qc7 23. h4 Qd8 24. Qxd8 Rfxd8 25. f4 f5 26. Bf3 e4 27. Be2 Rc5
28. h5 Kg7 29. hxg6 hxg6 30. g4 Rdc8 31. gxf5 gxf5 32. Bf1 Rxc2 33. Rd4 Rxb2 34.
Ra1 Ra8 35. Rc1 Ba6 36. Rc7+ Kf6 37. Rc6 Rb1 38. Rxd6+ Kf7 39. Re6 Rxf1+ 40. Kg2
Rg8+ 41. Kh2 Rf2+ 42. Kh3 Bf1+ 0-1

[Event "Titled Tue 24th Jun Early"]
[Site "chess.com INT"]
[Date "2025.06.24"]
[Round "7"]
[White "Huseynova, Lala"]
[Black "Zong, Davis"]
[Result "0-1"]
[WhiteTitle "WFM"]
[BlackTitle "FM"]
[WhiteElo "2045"]
[BlackElo "2242"]
[WhiteFideId "13431781"]
[BlackFideId "30903955"]
[EventDate "2025.06.24"]

1. e4 e5 2. Nf3 Nc6 3. Bb5 a6 4. Ba4 Nf6 5. O-O Nxe4 6. Re1 Nc5 7. Bxc6 dxc6 8.
Nxe5 Be7 9. d4 Ne6 10. c3 O-O 11. Nd2 Re8 12. Nf1 f6 13. Nf3 Nf8 14. Ng3 Be6 15.
Qc2 Qd7 16. Bd2 Rad8 17. Rad1 Ng6 18. b3 Bf8 19. h3 Qf7 20. Qd3 c5 21. Be3 cxd4
22. cxd4 Ne7 23. Bd2 Nd5 24. Ne2 c5 25. Nf4 Nxf4 26. Bxf4 c4 27. bxc4 Bxc4 28.
Qc3 Bxa2 29. Rxe8 Rxe8 30. Be3 Bd5 31. Nd2 Qd7 32. Rb1 Rc8 33. Qb2 b5 34. Rc1
Rxc1+ 35. Qxc1 a5 36. Bf4 a4 37. Nb1 b4 38. Nd2 a3 39. Qc2 Qb7 40. Nb3 Bxg2 41.
Nc5 Qc6 42. Qb3+ Bd5 43. Qxb4 a2 44. Qa3 Qb5 0-1

[Event "Titled Tue 24th Jun Early"]
[Site "chess.com INT"]
[Date "2025.06.24"]
[Round "7"]
[White "Mizzi, Jack"]
[Black "Predein, Vladimir"]
[Result "1-0"]
[WhiteTitle "CM"]
[BlackTitle "IM"]
[WhiteElo "2107"]
[BlackElo "2373"]
[WhiteFideId "5602521"]
[BlackFideId "4117786"]
[EventDate "2025.06.24"]

1. d4 Nf6 2. c4 e6 3. Nf3 c5 4. d5 exd5 5. cxd5 d6 6. Nc3 g6 7. g3 Bg7 8. Bg2
O-O 9. O-O Re8 10. Bf4 Bf5 11. Nd2 Nh5 12. Be3 Rxe3 13. fxe3 Qg5 14. Rxf5 Qxf5
15. Nc4 Qd7 16. a4 Na6 17. Ne4 Bf8 18. Bf3 f5 19. Ng5 Nf6 20. e4 fxe4 21. Nxe4
Nxe4 22. Bxe4 Re8 23. Bf3 Bg7 24. e4 Nb4 25. Bg4 Qe7 26. Be6+ Kh8 27. Qe2 Rf8
28. Rf1 Bd4+ 29. Kg2 Rxf1 30. Qxf1 Nc2 31. Qf4 Ne1+ 32. Kf1 Nd3 33. Qd2 Qf6+ 34.
Kg2 Ne5 35. Nxe5 Bxe5 36. b3 Kg7 37. Qa5 Bd4 38. Qc7+ Kh6 39. Qf7 Qd8 40. Qf4+
g5 41. Qf7 Qa5 42. Bf5 Qd2+ 43. Kh3 Bg7 44. Qe6+ Kh5 45. Bg4# 1-0

[Event "Titled Tue 24th Jun Early"]
[Site "chess.com INT"]
[Date "2025.06.24"]
[Round "7"]
[White "Lerch, Johannes"]
[Black "Pontes, Luiz Felizola Lima"]
[Result "0-1"]
[WhiteTitle "FM"]
[WhiteElo "2204"]
[BlackElo "2062"]
[WhiteFideId "1658069"]
[BlackFideId "44709919"]
[EventDate "2025.06.24"]

1. d4 d5 2. Bf4 Nf6 3. e3 e6 4. c3 c5 5. Nf3 Nc6 6. Bd3 Bd6 7. Bg3 O-O 8. Nbd2
b6 9. Qe2 Bb7 10. Bxd6 Qxd6 11. e4 dxe4 12. Nxe4 Qe7 13. dxc5 bxc5 14. O-O-O
Rfd8 15. Bc2 Nd5 16. Neg5 h6 17. Nh3 a5 18. Qe4 Nf6 19. Qh4 Nd5 20. Nhg5 a4 21.
Rhe1 a3 22. Ne4 axb2+ 23. Kxb2 Qxh4 24. Nxh4 c4 25. Nc5 Rab8 26. Nxb7 Rxb7+ 27.
Kc1 Nxc3 28. Rxd8+ Nxd8 29. Re3 Nxa2+ 30. Kd2 Nb4 31. Ra3 Nxc2 32. Kxc2 Rb8 33.
Kc3 Rc8 34. Nf3 Nb7 35. Ra7 Nd6 36. Kc2 Ne4 37. Ne5 f6 38. Nf7 Nxf2 39. Nd6 Ng4 0-1

[Event "Titled Tue 24th Jun Early"]
[Site "chess.com INT"]
[Date "2025.06.24"]
[Round "7"]
[White "Indjic, Aleksandar"]
[Black "Kovalev, Vladislav"]
[Result "0-1"]
[WhiteTitle "GM"]
[BlackTitle "GM"]
[WhiteElo "2661"]
[BlackElo "2557"]
[WhiteFideId "911925"]
[BlackFideId "13504398"]
[EventDate "2025.06.24"]

1. e4 e5 2. Nc3 Nf6 3. f4 d5 4. fxe5 Nxe4 5. Qf3 Nc6 6. Bb5 Nxc3 7. dxc3 a6 8.
Bxc6+ bxc6 9. Qg3 Bf5 10. Bg5 Qb8 11. O-O-O Qb5 12. Nf3 Rb8 13. b3 Qa5 14. Nd4
Be4 15. e6 Bd6 16. exf7+ Kxf7 17. Rhf1+ Kg8 18. Qg4 h6 19. Bf6 Rh7 20. Be5 Qxc3
21. Bxd6 cxd6 22. Qe6+ Kh8 23. Kb1 h5 24. Qxd6 Rg8 25. Rf8 Rh6 26. Rxg8+ Kxg8
27. Qd8+ Kh7 28. Qg5 c5 29. Qd2 cxd4 30. Qxc3 dxc3 31. a4 Rf6 32. Ka2 Rf2 33.
Ka3 Rxc2 34. Kb4 h4 35. a5 Rxg2 36. Kxc3 Rxh2 37. b4 h3 38. b5 axb5 39. Kb3 Bc2+
40. Kb4 Bxd1 41. a6 Ra2 42. a7 Rxa7 0-1

[Event "Titled Tue 24th Jun Early"]
[Site "chess.com INT"]
[Date "2025.06.24"]
[Round "7"]
[White "Leiva, Gianmarco"]
[Black "Carnicelli, Valerio"]
[Result "0-1"]
[WhiteTitle "IM"]
[BlackTitle "FM"]
[WhiteElo "2387"]
[BlackElo "2396"]
[WhiteFideId "3804399"]
[BlackFideId "856185"]
[EventDate "2025.06.24"]

1. e4 c5 2. Nf3 d6 3. Bb5+ Nd7 4. a4 Nf6 5. Nc3 g6 6. O-O Bg7 7. Re1 O-O 8. a5
a6 9. Bc4 b5 10. axb6 Nxb6 11. Ba2 Bb7 12. d3 Qc7 13. Qd2 e6 14. Qf4 Bc6 15. Qh4
Nbd7 16. Bh6 Rfb8 17. Rab1 a5 18. Ng5 Nf8 19. Bxg7 Kxg7 20. Re3 a4 21. Rh3 h5
22. Rf3 Qd8 23. Qf4 Rb4 24. h3 a3 25. bxa3 Rxa3 26. Bb3 Qe7 27. g4 h4 28. Nxf7
Qxf7 29. g5 N8d7 30. Qxd6 Qf8 31. Qxc6 c4 32. dxc4 Ne5 33. gxf6+ Kh6 34. Qb7
Nxf3+ 35. Kg2 Rxb7 36. Kxf3 Qxf6+ 37. Kg2 Qxc3 38. Rd1 Raxb3 39. Rd3 Qxd3 40.
cxd3 Rxd3 41. c5 Rc3 0-1

[Event "Titled Tue 24th Jun Early"]
[Site "chess.com INT"]
[Date "2025.06.24"]
[Round "7"]
[White "Mikhalsky, Vladimir"]
[Black "Ganzhurov, Roman"]
[Result "1-0"]
[BlackTitle "FM"]
[WhiteElo "2219"]
[BlackElo "2082"]
[WhiteFideId "14144352"]
[BlackFideId "4179501"]
[EventDate "2025.06.24"]

1. d4 Nf6 2. c4 e6 3. Nf3 d5 4. g3 Bb4+ 5. Bd2 Be7 6. Bg2 O-O 7. O-O Nbd7 8. Qc2
b6 9. b4 Ba6 10. c5 Bxe2 11. c6 Nb8 12. Re1 Bxf3 13. Bxf3 Na6 14. b5 Nb8 15. a4
a6 16. Nc3 Bb4 17. Qb3 Bxc3 18. Bxc3 Ne8 19. Be2 Nd6 20. Bd3 Re8 21. Bb4 f5 22.
Bd2 Ne4 23. Bf4 Ra7 24. Ra2 Qe7 25. Rea1 Kf7 26. f3 Nd6 27. Be5 h6 28. Qc2 Rg8
29. Qd2 Qg5 30. Bf4 Qe7 31. Qe2 Re8 32. Re1 Rd8 33. Bc1 Re8 34. Ba3 Qd8 35. Bb4
Qe7 36. Qe3 Qd8 37. Rf2 Qf6 38. g4 f4 39. Qd2 Qxd4 40. Bg6+ Kxg6 41. Qxd4 axb5
42. Bxd6 cxd6 43. axb5 Ra5 44. Qxf4 Rxb5 45. Qxd6 Kf7 46. c7 Na6 47. Qc6 Rc5 48.
Qxb6 Rxc7 49. Qxa6 Ree7 50. Rfe2 1-0

[Event "Titled Tue 24th Jun Early"]
[Site "chess.com INT"]
[Date "2025.06.24"]
[Round "7"]
[White "Cahaya, Satria Duta"]
[Black "Salonen, Aku"]
[Result "1-0"]
[WhiteTitle "FM"]
[BlackTitle "FM"]
[WhiteElo "2386"]
[BlackElo "2330"]
[WhiteFideId "7124252"]
[BlackFideId "517577"]
[EventDate "2025.06.24"]

1. e4 c6 2. d4 d5 3. e5 c5 4. Nf3 cxd4 5. Qxd4 Nc6 6. Qf4 e6 7. Bd3 Nb4 8. Nc3
Nxd3+ 9. cxd3 Ne7 10. h4 h5 11. Bd2 Nf5 12. Ne2 Qb6 13. Bc3 g6 14. Ng5 Be7 15.
Nd4 Qa6 16. Nxf5 gxf5 17. Kd2 Bd7 18. Bb4 Qa4 19. a3 a5 20. b3 Qxb3 21. Rhb1 Qa4
22. Qd4 Rc8 23. Bc3 Qxd4 24. Bxd4 b5 25. Bc3 Ra8 26. Rc1 Ra6 27. Bd4 Rc6 28. Bc3
Bd8 29. Rab1 Rg8 30. f4 Rc8 31. Bd4 Be7 32. Rxc8+ Bxc8 33. Rc1 Kd7 34. Bc5 Bd8
35. Bd6 Bb7 36. g3 Bb6 37. Bc5 Bc7 38. Bf2 Rf8 39. Nh7 Rh8 40. Nf6+ Kd8 41. Bc5
Bc8 42. Be7+ Kxe7 43. Rxc7+ Kd8 44. Rxf7 b4 45. axb4 axb4 46. Kc2 Rh6 47. Rg7
Rh8 48. Kb3 Ba6 49. Ra7 Bc8 50. Kxb4 Rh7 51. Rxh7 1-0

[Event "Titled Tue 24th Jun Early"]
[Site "chess.com INT"]
[Date "2025.06.24"]
[Round "7"]
[White "Shuvalov, Evgenij"]
[Black "Khoo-Thwe, Louis"]
[Result "1-0"]
[BlackTitle "CM"]
[WhiteElo "1986"]
[BlackElo "2214"]
[WhiteFideId "4187237"]
[BlackFideId "1538756"]
[EventDate "2025.06.24"]

1. d4 d5 2. c4 dxc4 3. e4 Nf6 4. e5 Nd5 5. Bxc4 Nb6 6. Bb3 Nc6 7. Ne2 Bg4 8. f3
Bf5 9. Nbc3 e6 10. Be3 Nb4 11. O-O N4d5 12. Bf2 Be7 13. Qd2 Qd7 14. Rac1 O-O-O
15. Nxd5 Nxd5 16. Qa5 Kb8 17. Bxd5 exd5 18. Rc3 b6 19. Qa6 Qc8 20. Qa4 Qd7 21.
Qb3 Bg5 22. f4 Bg4 23. Nc1 Bxf4 24. Nd3 Bd2 25. Nc5 Qc8 26. Rc2 Bg5 27. Qb5 c6
28. Na6+ Kb7 29. Nc5+ Kb8 30. Qb3 Ka8 31. Na4 Bf5 32. Rc3 Kb7 33. Be3 Bxe3+ 34.
Rxe3 Qc7 35. Rxf5 Ka8 36. Ref3 Rhf8 37. Qb4 c5 38. dxc5 d4 39. cxb6 Qc1+ 40. Rf1
Qe3+ 41. Kh1 d3 42. b7+ Kb8 43. Nc5 a5 44. Qb5 d2 45. Na6+ Ka7 46. b8=Q+ Rxb8
47. Nxb8 1-0

[Event "Titled Tue 24th Jun Early"]
[Site "chess.com INT"]
[Date "2025.06.24"]
[Round "7"]
[White "Redor, Menandro"]
[Black "Saiz Rodriguez, Daniel Evelio"]
[Result "0-1"]
[BlackTitle "FM"]
[WhiteElo "2021"]
[BlackElo "2187"]
[WhiteFideId "5222010"]
[BlackFideId "3523420"]
[EventDate "2025.06.24"]

1. d4 d5 2. Bf4 Nf6 3. e3 c5 4. c3 Nc6 5. Nd2 Bf5 6. Ngf3 e6 7. Qa4 Nd7 8. Bb5
Qb6 9. O-O Be7 10. c4 O-O 11. cxd5 exd5 12. Bxc6 bxc6 13. Nb3 c4 14. Na5 Rfc8
15. b3 Qa6 16. Rfc1 Nb6 17. Nxc6 Nxa4 18. Nxe7+ Kf8 19. Nxf5 Nb2 20. Bd6+ Kg8
21. Ne5 Re8 22. Ne7+ Rxe7 23. Bxe7 f6 24. Nf3 Nd3 25. Bc5 Nxc1 26. Rxc1 Qxa2 27.
bxc4 dxc4 28. h3 Rb8 29. Re1 Rb1 30. Kf1 Rxe1+ 31. Kxe1 c3 32. Bb4 Qb1+ 33. Ke2
Qxb4 34. Ne1 Qc4+ 35. Kd1 a5 36. Nc2 Qd3+ 37. Kc1 Qd2+ 38. Kb1 Qd1+ 39. Ka2
Qxc2+ 40. Ka3 Qb2+ 0-1

[Event "Titled Tue 24th Jun Early"]
[Site "chess.com INT"]
[Date "2025.06.24"]
[Round "7"]
[White "Srihari, L R"]
[Black "Rustemov, Alexander"]
[Result "1-0"]
[WhiteTitle "IM"]
[BlackTitle "GM"]
[WhiteElo "2480"]
[BlackElo "2525"]
[WhiteFideId "46617116"]
[BlackFideId "4119002"]
[EventDate "2025.06.24"]

1. Nf3 d5 2. e3 Nf6 3. c4 c6 4. Nc3 a6 5. Be2 dxc4 6. Bxc4 e6 7. O-O c5 8. d4 b5
9. Bb3 Bb7 10. Qe2 Nbd7 11. Rd1 Qc7 12. d5 c4 13. dxe6 fxe6 14. Bc2 Bd6 15. h3
O-O 16. Ng5 Nc5 17. f4 e5 18. a4 h6 19. axb5 exf4 20. exf4 hxg5 21. Qxc4+ Kh8
22. fxg5 Nh5 23. Qh4 Qf7 24. g6 Qf2+ 25. Qxf2 Rxf2 26. Kxf2 Rf8+ 27. Kg1 Bc7 28.
Be3 Bb6 29. Rd6 Ba7 30. b6 Ne4 31. Bxe4 Bb8 32. Bxb7 Bxd6 33. Bf3 Ng3 34. b7 Bb8
35. Rxa6 Nf5 36. Ra8 Nxe3 37. Nd5 Nc4 38. Kh1 Nd6 39. Nb6 Nb5 40. Nd7 Nc7 41.
Nxf8 1-0

[Event "Titled Tue 24th Jun Early"]
[Site "chess.com INT"]
[Date "2025.06.24"]
[Round "7"]
[White "Medina, VInce Angelo"]
[Black "Samsonkin, Artiom"]
[Result "0-1"]
[BlackTitle "IM"]
[WhiteElo "2138"]
[BlackElo "2361"]
[WhiteFideId "5205069"]
[BlackFideId "13503111"]
[EventDate "2025.06.24"]

1. d4 d5 2. Bg5 h6 3. Bh4 c5 4. dxc5 Qa5+ 5. Nc3 e6 6. e4 g5 7. Bg3 Bg7 8. Bb5+
Bd7 9. Bxd7+ Nxd7 10. Ne2 dxe4 11. O-O Ngf6 12. Bd6 Nxc5 13. b4 Qxb4 14. Rb1 Qc4
15. Nb5 Nd5 16. a3 Rd8 17. Rb4 Nxb4 18. Nc7+ Kd7 19. axb4 Nd3 20. cxd3 exd3 21.
Bg3 Kc8 22. Nc1 e5 23. Nb3 Qxc7 24. Nc5 Kb8 25. Qa4 d2 26. h3 f5 27. Qb5 Qc6 28.
Qe2 f4 29. Bh2 Rd5 30. Rd1 Rhd8 31. Kh1 b6 32. Ne4 Rd4 33. f3 Qc2 34. Bg1 Rxe4
35. fxe4 Qd3 36. Qh5 Bf8 37. Qg6 Bxb4 38. Bxb6 Qd6 39. Bxa7+ Kxa7 40. Qf7+ Kb6
41. Qb3 Qd4 42. Kh2 Rc8 43. Qe6+ Rc6 44. Qe8 Rc1 45. Qb8+ Kc5 46. Qc7+ Kb5 47.
Qb7+ Kc4 48. Qc6+ Kb3 49. Rxc1 dxc1=Q 50. Qxc1 Qxe4 51. Qb1+ Qxb1 0-1

[Event "Titled Tue 24th Jun Early"]
[Site "chess.com INT"]
[Date "2025.06.24"]
[Round "7"]
[White "Anakok, Deniz"]
[Black "Cernov, Henrik"]
[Result "0-1"]
[WhiteTitle "CM"]
[BlackTitle "FM"]
[WhiteElo "2058"]
[BlackElo "2325"]
[WhiteFideId "51603586"]
[BlackFideId "16258312"]
[EventDate "2025.06.24"]

1. e4 c5 2. Nf3 e6 3. d4 cxd4 4. Nxd4 Nf6 5. Nc3 Nc6 6. Ndb5 Bc5 7. Bf4 O-O 8.
Bc7 Qe7 9. Bd6 Bxd6 10. Qxd6 Qd8 11. O-O-O a6 12. Nd4 Ne7 13. g4 b5 14. f3 Ne8
15. Qg3 b4 16. Nce2 Bb7 17. h4 Nc6 18. Nxc6 Bxc6 19. Nd4 Bb7 20. h5 h6 21. Rg1
Qa5 22. Kb1 f6 23. Bc4 Rc8 24. Bb3 Qb6 25. e5 fxe5 26. Qxe5 Qc5 27. Qe2 Nd6 28.
Rgf1 Nc4 29. Rfe1 Bd5 30. Bxc4 Qxc4 31. Qxc4 Rxc4 32. Re3 a5 33. Rdd3 a4 34. b3
axb3 35. axb3 Rc5 36. Ne2 Ra5 37. Kc1 Ra2 38. Kd2 Rc8 39. Nd4 Ra1 40. Re1 Ra2
41. Ree3 Kf7 42. f4 Kf6 43. Re1 d6 44. Rc1 Be4 45. Re3 d5 46. Nf3 Rcxc2+ 47.
Rxc2 Rxc2+ 48. Kd1 Rb2 49. Nd4 e5 50. fxe5+ Kxe5 51. Nc6+ Kf4 52. Re1 Rxb3 53.
Ke2 Rb2+ 54. Kd1 b3 55. Nd4 Rb1+ 56. Kd2 Rxe1 57. Kxe1 b2 58. Ne6+ Ke3 0-1

[Event "Titled Tue 24th Jun Early"]
[Site "chess.com INT"]
[Date "2025.06.24"]
[Round "7"]
[White "Toroptseva, Yevheniia"]
[Black "Romany, Joy"]
[Result "1-0"]
[WhiteTitle "WFM"]
[BlackTitle "WIM"]
[WhiteElo "2104"]
[BlackElo "1960"]
[WhiteFideId "34109374"]
[BlackFideId "10656820"]
[EventDate "2025.06.24"]

1. Nc3 Nf6 2. e4 d6 3. d4 g6 4. Be3 Bg7 5. Qd2 c6 6. f3 b5 7. a3 a5 8. g4 Ba6 9.
h4 h5 10. g5 Nfd7 11. d5 b4 12. axb4 axb4 13. Nd1 c5 14. c3 Qb6 15. cxb4 Qxb4
16. Qxb4 cxb4 17. Ne2 Ne5 18. Nd4 Bb7 19. Bb5+ Nbd7 20. Rxa8+ Bxa8 21. Ke2 O-O
22. f4 Ng4 23. Bxd7 Nxe3 24. Kxe3 Rd8 25. Bc6 e5 26. fxe5 dxe5 27. Nb3 Bf8 28.
Nf2 f6 29. gxf6 Bh6+ 30. Kf3 Rf8 31. Bxa8 Rxa8 32. Ra1 Rf8 33. Ra6 Bf4 34. Nd3
Bh6 35. Nbc5 g5 36. Nxe5 g4+ 37. Kg3 Be3 38. f7+ Kh7 39. Ne6 Rc8 40. f8=Q Rxf8
41. Nxf8+ Kg7 42. Ne6+ Kf6 43. Nd7+ Ke7 44. Ndc5 Bd2 45. d6+ Ke8 46. d7+ 1-0

[Event "Titled Tue 24th Jun Early"]
[Site "chess.com INT"]
[Date "2025.06.24"]
[Round "7"]
[White "Arslanov, Shamil"]
[Black "Germanovs, Georgijs"]
[Result "1-0"]
[WhiteTitle "IM"]
[BlackTitle "CM"]
[WhiteElo "2410"]
[BlackElo "2260"]
[WhiteFideId "4192826"]
[BlackFideId "11609710"]
[EventDate "2025.06.24"]

1. d4 Nf6 2. f3 c5 3. d5 e6 4. c4 b5 5. e4 bxc4 6. Nc3 Bb7 7. Bxc4 exd5 8. Nxd5
Nxd5 9. Bxd5 Nc6 10. Qb3 Qb6 11. Bxf7+ Kd8 12. Ne2 Bd6 13. Bg5+ Kc7 14. O-O-O
Ne5 15. Nc3 Rab8 16. Qxb6+ Kxb6 17. Rxd6+ Bc6 18. Bb3 Rhf8 19. Rhd1 a5 20. Be3
h6 21. Na4+ Kc7 22. Nxc5 Rb5 23. h3 Nxf3 24. gxf3 Rxf3 25. Bg1 Rxh3 26. Nxd7
Bxe4 27. Bc2 Bf3 28. R1d2 Rh1 29. b3 Rxg1+ 30. Kb2 Re1 31. Nf8 Bg4 32. Ng6 a4
33. R6d4 axb3 34. axb3 h5 35. Rc4+ Kb7 36. Nf4 Re3 37. Nd5 Re5 38. Nc3 Rb6 39.
Be4+ Ka7 40. Rd8 Rf6 41. Rb4 Rf2+ 42. Ka3 Rxe4 43. Nxe4 Rf1 44. Rd5 Ka6 45. Nc5+
Ka7 46. Na4 Ka6 47. Rb6+ Ka7 48. Ra5# 1-0

[Event "Titled Tue 24th Jun Early"]
[Site "chess.com INT"]
[Date "2025.06.24"]
[Round "7"]
[White "Kravtsiv, Martyn"]
[Black "Kramnik, Vladimir"]
[Result "1/2-1/2"]
[WhiteTitle "GM"]
[BlackTitle "GM"]
[WhiteElo "2598"]
[BlackElo "2753"]
[WhiteFideId "14113147"]
[BlackFideId "4101588"]
[EventDate "2025.06.24"]

1. e4 e6 2. d4 d5 3. exd5 exd5 4. Nf3 Nf6 5. Bd3 Bd6 6. O-O O-O 7. Bg5 Bg4 8.
Nbd2 h6 9. Bh4 Re8 10. c3 c5 11. h3 Be6 12. dxc5 Bxc5 13. Nd4 Nc6 14. N2b3 Bb6
15. f4 Bd7 16. Kh1 Nxd4 17. cxd4 Ba4 18. Bc2 Rc8 19. Qd3 Bb5 20. Qxb5 Rxc2 21.
Rae1 Rxe1 22. Rxe1 Qd7 23. Qxd7 Nxd7 24. Re8+ Kh7 25. Re7 Rc7 26. Rxf7 Kg6 27.
Re7 Nf6 28. Bxf6 Kxf6 29. Re5 Rc2 30. Rxd5 Rxb2 31. Nc5 Bxc5 32. dxc5 Rxa2 33.
Rd7 Rb2 34. c6 bxc6 35. Rxa7 h5 36. Rc7 Rc2 37. g4 h4 38. Kg1 g6 39. Rc8 Ke6 40.
Rh8 Kd5 41. Rxh4 Ke4 42. Rh6 Kxf4 43. Rxg6 Kg3 44. Kf1 Kxh3 45. g5 Kg4 46. Rg8
Kf5 47. g6 Kf6 48. Ke1 Rc5 49. Kd1 Rd5+ 50. Kc2 Rg5 51. Kc3 Rxg6 52. Rxg6+ Kxg6
53. Kc4 Kh5 54. Kc5 Kg4 55. Kxc6 1/2-1/2

[Event "Titled Tue 24th Jun Early"]
[Site "chess.com INT"]
[Date "2025.06.24"]
[Round "7"]
[White "Firouzja, Alireza"]
[Black "Tang, Andrew"]
[Result "1-0"]
[WhiteTitle "GM"]
[BlackTitle "GM"]
[WhiteElo "2766"]
[BlackElo "2529"]
[WhiteFideId "12573981"]
[BlackFideId "2059630"]
[EventDate "2025.06.24"]

1. Nf3 d5 2. g3 Nf6 3. Bg2 e6 4. O-O Be7 5. d3 O-O 6. Nbd2 c5 7. e4 Nc6 8. Re1
b5 9. c3 a5 10. e5 Nd7 11. h4 b4 12. c4 Nb6 13. h5 h6 14. Nh2 Ba6 15. Ng4 Rc8
16. cxd5 Nxd5 17. Nc4 Kh8 18. Bd2 Nd4 19. Qc1 Nf5 20. Be4 Nb6 21. Bf4 Nxc4 22.
dxc4 Bg5 23. a3 Nd4 24. Bxg5 Qxg5 25. Qxg5 hxg5 26. axb4 cxb4 27. Rxa5 Bxc4 28.
Kg2 Be2 29. f3 Bc4 30. Rd1 Nb3 31. Ra7 Nc5 32. Kf2 Bb5 33. Bb1 Kg8 34. Rd4 b3
35. Ke3 Bc6 36. Rd6 Bd5 37. h6 gxh6 38. Nf6+ Kg7 39. Nxd5 exd5 40. Rg6+ Kh8 41.
Rxh6+ Kg8 42. Bf5 Rcd8 43. Rh5 d4+ 44. Kd2 Rfe8 45. Rxg5+ Kf8 46. Bh7 Nd7 47. f4
Ke7 48. Bf5 Rh8 49. Kd3 Rh2 50. Rg7 Rxb2 51. e6 Kf6 52. Rxf7# 1-0

[Event "Titled Tue 24th Jun Early"]
[Site "chess.com INT"]
[Date "2025.06.24"]
[Round "7"]
[White "Suvradeepta, Das"]
[Black "Karttunen, Mika"]
[Result "0-1"]
[WhiteTitle "FM"]
[BlackTitle "IM"]
[WhiteElo "2230"]
[BlackElo "2490"]
[WhiteFideId "5058031"]
[BlackFideId "502081"]
[EventDate "2025.06.24"]

1. Nf3 Nf6 2. d4 g6 3. g3 Bg7 4. Bg2 O-O 5. O-O d6 6. Re1 c5 7. c4 Nc6 8. Nc3
Bd7 9. b3 cxd4 10. Nxd4 Nxd4 11. Qxd4 Bc6 12. Bb2 Ne4 13. Qd3 f5 14. Rad1 Qb6
15. e3 Qa5 16. Nxe4 Bxb2 17. Ng5 Bf6 18. Ne6 Rfc8 19. Bd5 Bxd5 20. Qxd5 Qxd5 21.
Rxd5 a6 22. Kg2 b5 23. cxb5 axb5 24. Re2 b4 25. Nd4 Rc5 26. Rxc5 dxc5 27. Ne6
Ra5 28. Rc2 Bc3 29. Nc7 Kf7 30. Nd5 Be5 31. f4 Bd6 32. Kf3 e6 33. Nb6 Be7 34. e4
fxe4+ 35. Kxe4 Ra6 36. Nd7 Ra5 37. Ne5+ Ke8 38. Nc6 Rb5 39. Ne5 Bd6 40. Nc4 Bc7
41. Re2 Kd7 42. Kd3 Rb8 43. Nd2 Ra8 44. Ne4 Kc6 45. Kc4 Rd8 46. Rd2 Rd5 0-1

[Event "Titled Tue 24th Jun Early"]
[Site "chess.com INT"]
[Date "2025.06.24"]
[Round "7"]
[White "Cardozo Munar, Carlos Eduardo"]
[Black "Golsta, Madara"]
[Result "1/2-1/2"]
[WhiteTitle "FM"]
[WhiteElo "2052"]
[BlackElo "2008"]
[WhiteFideId "4409477"]
[BlackFideId "11607386"]
[EventDate "2025.06.24"]

1. d4 d5 2. Nf3 c5 3. c3 cxd4 4. cxd4 Bf5 5. Nc3 Nf6 6. e3 e6 7. Bd3 Bxd3 8.
Qxd3 Bd6 9. O-O O-O 10. h3 Nc6 11. a3 Rc8 12. b4 Ne7 13. Bb2 Bb8 14. Ne2 Nf5 15.
Rfc1 Nd6 16. Ne5 Nd7 17. Rxc8 Qxc8 18. Rc1 Qd8 19. Ng3 f6 20. Nxd7 Qxd7 21. e4
Nc4 22. Rc2 Bxg3 23. fxg3 Nxb2 24. Rxb2 dxe4 25. Qxe4 Rd8 26. Re2 Qxd4+ 27. Qxd4
Rxd4 28. Rxe6 Rd3 29. Re7 Rxg3 30. a4 Ra3 31. a5 b6 32. Rxa7 bxa5 33. bxa5 h5
34. a6 h4 35. Kf2 Ra2+ 36. Kf3 Kh7 37. Ra8 Kg6 38. a7 Kg5 39. Ke4 g6 40. Kd5 Kf4
41. Ke6 Ra6+ 42. Kf7 g5 43. Kg6 Kg3 44. Rf8 Rxa7 45. Rxf6 Kxg2 46. Kxg5 Kxh3 47.
Rf3+ Kg2 48. Rb3 h3 49. Rb2+ Kg3 50. Rb3+ Kg2 51. Rb2+ Kg3 52. Rb3+ Kg2 1/2-1/2

[Event "Titled Tue 24th Jun Early"]
[Site "chess.com INT"]
[Date "2025.06.24"]
[Round "7"]
[White "Nikulina, Alena"]
[Black "Salim Mohammed, Salim Al Amri"]
[Result "1-0"]
[WhiteTitle "WFM"]
[BlackTitle "FM"]
[WhiteElo "1875"]
[BlackElo "1976"]
[WhiteFideId "4172051"]
[BlackFideId "22000089"]
[EventDate "2025.06.24"]

1. e4 c5 2. Nf3 d6 3. c3 Nf6 4. h3 Nc6 5. Bd3 g6 6. Bc2 Bg7 7. O-O O-O 8. Re1 e5
9. d4 Qc7 10. Na3 a6 11. Bg5 h6 12. Be3 b6 13. Qe2 Bb7 14. d5 Ne7 15. Nh2 b5 16.
Rad1 Nd7 17. f4 c4 18. Nb1 Nc5 19. Rf1 exf4 20. Bxf4 g5 21. Bg3 Ng6 22. Ng4 Qe7
23. Nd2 Ne5 24. Nxe5 Bxe5 25. Bxe5 dxe5 26. Qh5 Kg7 27. Rf5 f6 28. Rff1 Qf7 29.
Qf3 Qg6 30. Rde1 Rad8 31. Qe3 Rc8 32. Nf3 Rfd8 33. Nh2 h5 34. Rf2 Nd7 35. Nf1
Nc5 36. Ng3 Rf8 37. Nf5+ Kh7 38. Nd6 Rc7 39. Nf5 Rcf7 40. Nd6 Rc7 41. Nf5 Nd7
42. Qa7 Rf7 43. Nd6 1-0